000 00901nam a2200313 a 4500
001 000048200
003 DO-SdBNP
005 20250129073134.0
007 ta
008 181205s2015 dr a 000 0 spa d
020 _a9789945475937
040 _aDO-SdBNP
_bspa
_cBNPHU
_erda
041 _hspa
082 _aRD863.44
_bG993y
_222
100 1 _aGuzmán, Ibeth
_eautor
_913120
245 1 0 _aYerba mala /
_cIbeth Guzmán.
250 _a2a. edición
264 _aSanto Domingo :
_bEdiciones Hojarasca,
_c2015.
300 _a59 páginas ;
_c23 cm.
336 _ardacontent
_btexto
_2txt
337 _ardamedia
_bsin mediación
_2n
338 _ardacarrier
_bvolumen
_2nc
500 _aIncluye datos biográficos del autor en la solapa de la cubierta
590 _aIventariado, 2019/VM
650 4 _aCuentos dominicanos
650 4 _aLiteratura dominicana
910 _aDG
942 _2ddc
_cLBS1
999 _c47688
_d47688